Rezar hoy el Padre nuestro

Saved in:
Bibliografiske detaljer
Hovedforfatter: Froidure, Michel (Author)
Format: Bog
Sprog:spansk
Udgivet: Bilbao Mensajero 2000
Serier:Colección Enseñanos a Orar, 17
Fag:
Tags: Tilføj Tag
Ingen Tags, Vær først til at tagge denne postø!

MARC

LEADER 00000nam a2200000 a 4500
001 UCN3380
003 CL-VaPUC
008 010622e20000000SP |||||||||||||||||spa|d
082 0 4 |a 248.32  |b FRO  |2 21 
100 0 |a Froidure, Michel  |e author  |9 459925 
245 1 0 |a Rezar hoy el Padre nuestro 
300 |a 72 p 
942 |c BK 
945 |d 20010622 00:00:00  |a vberengu 
260 |a Bilbao  |b Mensajero  |c 2000 
650 0 |a Oración  |9 313348 
650 7 |a PRACTICA RELIGIOSA  |2 CL-VaPUC  |9 459926 
650 0 |a Experiencia religiosa  |9 315549 
583 |a last modification  |c 20010622 00:00:00  |k Rodrigo Vera 
490 0 |a Colección Enseñanos a Orar, 17 
999 |c 296291  |d 296289 
952 |0 0  |1 0  |4 0  |6 248_320000000000000_FRO_2000  |7 0  |8 A  |9 349961  |a BIBTEO  |b BIBTEO  |d 2019-11-20  |i 3640191  |o 248.32 FRO 2000  |p 3640191  |r 2025-01-17  |w 2019-11-20  |y BK  |k ICR